España bajo el reinado de la Casa de Borbón (Record no. 47973)

MARC details
000 -LEADER
campo de control de longitud fija 01160nam a2200265 i 4500
001 - NÚMERO DE CONTROL
campo de control 47973
003 - IDENTIFICADOR DE NÚMERO DE CONTROL
campo de control ES-MaACL
005 - FECHA Y HORA DE LA ÚLTIMA TRANSACCIÓN
campo de control 20230906161654.0
007 - CAMPO FIJO DE DESCRIPCIÓN FÍSICA--INFORMACIÓN GENERAL
campo de control de longitud fija t|
008 - DATOS DE LONGITUD FIJA--INFORMACIÓN GENERAL
campo de control de longitud fija 931025m18461847sp ||||1| spa d
080 ## - NÚMERO DE LA CLASIFICACIÓN DECIMAL UNIVERSAL
Número de la Clasificación Decimal Universal 94(460)"17"
100 1# - ENTRADA PRINCIPAL--NOMBRE DE PERSONA
Nombre de persona Coxe, William.
9 (RLIN) 41403
245 10 - MENCIÓN DEL TÍTULO
Título España bajo el reinado de la Casa de Borbón
Resto del título : / : desde 1700, en que subió al trono Felipe V, hasta la muerte de Carlos III, acaecida en 1788 /
Mención de responsabilidad, etc. escrita en inglés por Guillermo Coxe ; y traducida al español con notas, observaciones y un apéndice, por Jacinto de Salas y Quiroga.
260 ## - PUBLICACIÓN, DISTRIBUCIÓN, ETC.
Lugar de publicación, distribución, etc. Madrid :
Nombre del editor, distribuidor, etc. Establecimiento Tipográfico de D.F. de P. Mellado, editor,
Fecha de publicación, distribución, etc. 1846-1847.
300 ## - DESCRIPCIÓN FÍSICA
Extensión 4 v. ;
Dimensiones 17 cm.
490 1# - MENCIÓN DE SERIE
Mención de serie Biblioteca popular
505 8# - NOTA DE CONTENIDO CON FORMATO
Nota de contenido con formato Bibliografía de mss. : p. IX-XII
651 #4 - PUNTO DE ACCESO ADICIONAL DE MATERIA--NOMBRE GEOGRÁFICO
Nombre geográfico España-
Subdivisión general Historia-
Subdivisión cronológica S.XVIII.
9 (RLIN) 8359
700 1# - ENTRADA AGREGADA--NOMBRE PERSONAL
Nombre de persona Salas y Quiroga, Jacinto de.
9 (RLIN) 101780
830 0# - PUNTO DE ACCESO ADICIONAL DE SERIE-TÍTULO UNIFORME
Título uniforme Biblioteca popular
9 (RLIN) 181768
852 ## - LOCALIZACIÓN
Ubicación ES-MaACL
Número de control de estantería C-19-22
856 ## - LOCALIZACIÓN Y ACCESO ELECTRÓNICOS
Identificador Uniforme de Recursos <a href="http://bibliotecadigitalhispanica.bne.es:80/webclient/DeliveryManager?pid=1865070&custom_att_2=simple_viewer">http://bibliotecadigitalhispanica.bne.es:80/webclient/DeliveryManager?pid=1865070&custom_att_2=simple_viewer</a>
Nota pública Ir a la página
Holdings
Estatus retirado Estado de pérdida Estado de daño No para préstamo Colección Biblioteca de origen Biblioteca actual Ubicación en estantería Fecha de adquisición Fuente de adquisición Total de préstamos Signatura topográfica completa Código de barras Visto por última vez Precio de reemplazo Tipo de ítem Koha
        Colección digital Biblioteca del Ateneo de Madrid Biblioteca del Ateneo de Madrid Sala Palomar 17/01/2008     C-19-22 1050485 23/02/2023 23/02/2023 Libro impreso antiguo